000
00238nam a2200097Ia 4500
008
230907s9999||||xx |||||||||||||| ||und||
082
_a
621.3104
_b
POW
245
0
_a
Power distribution automation /
300
_a
x, 339 pages :
942
_c
BK
999
_c
599210
_d
599210